000 00469nam a2200121Ia 4500
008 231221s9999 xx 000 0 und d
041 _aEnglish
082 _aQPMBBSUG08-2429
245 0 _aPathology (Systemic Pathology) Paper-II [e resource : question paper] : Second MBBS degree exam, Mar/Apr 2008 (507-B)
260 _c2008/04
_bNTRU
_aAndra Pradesh
650 _aPathology,(Systemic,Pathology),Paper-II,[e,paper],MBBS,degree,exam,,Mar/Apr,2008,(507-B)
942 _cDL
999 _c209533
_d209533